| 000 | 00504nam a22001937a 4500 | ||
|---|---|---|---|
| 003 | OSt | ||
| 008 | 250409b |||||||| |||| 00| 0 eng d | ||
| 020 | _a9789354427824 | ||
| 082 | _a128 CHP | ||
| 100 | _aCHATTOPADHYAY, Arka | ||
| 245 | _aPosthumanism: Politics of Subjectivity | ||
| 250 | _aIst. ed., | ||
| 260 |
_aTelangan, India, _bOrient BlackSwan, _c2025 |
||
| 300 | _a190 p. | ||
| 440 | _aLiterary/Cultural Theory | ||
| 650 | _aEnglish | ||
| 700 | _aCHAKRABARTI, Sumit Ed. | ||
| 942 |
_2ddc _cBK |
||
| 999 |
_c13260 _d13260 |
||